000 00259nam a22001217a 4500
008 170505b xxu||||| |||| 00| 0 eng d
041 _aeng
080 _24TH
_a343.9
100 _a15
101 _aSHJ
245 _aCRIMINOLOGY
_cBARKAN, S.E
942 _2udc
_cBK
999 _c12760
_d12760